[Event "Anti Cheating Blitz Cup"]
[Site "Chess.com INT"]
[Date "2020.05.20"]
[Round "2"]
[White "Fiorentino, Vincenzo"]
[Black "Flores Quillas, Diego Saul Rodrigo"]
[Result "0-1"]
[WhiteElo "1689"]
[BlackElo "2245"]
[PlyCount "68"]
[EventDate "2020.05.20"]
[EventType "swiss (blitz)"]
[EventRounds "11"]
[EventCountry "USA"]
[SourceTitle "CBM 196 Extra"]
[Source "ChessBase"]
[SourceDate "2020.07.31"]
[SourceVersion "1"]
[SourceVersionDate "2020.07.31"]
[SourceQuality "1"]

1. d4 Nf6 2. Nf3 c5 3. c3 d5 4. Bg5 Ne4 5. Bh4 Nc6 6. e3 Qb6 7. Qb3 c4 8. Qxb6 axb6 9. Be2 b5 10. 0-0 Bf5 11. Nbd2 b4 12. Nxe4 Bxe4 13. Nd2 Bg6 14. f4 e6 15. Bf3 bxc3 16. bxc3 Ba3 17. f5 Bxf5 18. Bxd5 Bb2 19. Bxc6+ bxc6 20. e4 Bxa1 21. exf5 Bxc3 22. Nxc4 0-0 23. f6 Bxd4+ 24. Kh1 Bxf6 25. Bxf6 gxf6 26. Rxf6 Rxa2 27. h4 Ra4 28. Ne5 Rxh4+ 29. Kg1 Rh5 30. Nf3 c5 31. Rf4 Rc8 32. Rg4+ Kf8 33. Ng5 c4 34. Rf4 Rxg5 0-1

[Event "Anti Cheating Blitz Cup"]
[Site "Chess.com INT"]
[Date "2020.05.20"]
[Round "7"]
[White "Montani, Riccardo"]
[Black "Fiorentino, Vincenzo"]
[Result "0-1"]
[WhiteElo "1766"]
[BlackElo "1689"]
[PlyCount "84"]
[EventDate "2020.05.20"]
[EventType "swiss (blitz)"]
[EventRounds "11"]
[EventCountry "USA"]
[SourceTitle "CBM 196 Extra"]
[Source "ChessBase"]
[SourceDate "2020.07.31"]
[SourceVersion "1"]
[SourceVersionDate "2020.07.31"]
[SourceQuality "1"]

1. e4 e5 2. Nf3 Nc6 3. d4 exd4 4. Nxd4 Nxd4 5. Qxd4 d6 6. Nc3 Nf6 7. Be3 Be7 8. f3 0-0 9. 0-0-0 Be6 10. g4 c5 11. Qd2 b5 12. Bxb5 Qb6 13. g5 Nd7 14. Be2 Rab8 15. b3 Rfc8 16. Nd5 Bxd5 17. Qxd5 Qa5 18. Kb1 Ne5 19. f4 Nc6 20. Bc4 Nd8 21. h4 Qc3 22. Rhe1 Qa5 23. h5 Qc7 24. g6 Bf8 25. gxf7+ Qxf7 26. Qd2 Ne6 27. f5 Qf6 28. Bxe6+ Kh8 29. Bxc8 Rxc8 30. Bg5 Qe5 31. Qxd6 Bxd6 32. Rd5 Qg3 33. Bd2 h6 34. Bc3 Rg8 35. Red1 Bf4 36. Rd7 Bg5 37. Rxa7 Bf6 38. a4 Qxc3 39. Kc1 Bg5+ 40. Kb1 c4 41. bxc4 Rb8+ 42. Ka2 Qb2# 0-1

[Event "St Eufemia d'Aspromonte op-B 4th"]
[Site "St Eufemia d'Aspromonte"]
[Date "2011.01.05"]
[Round "7"]
[White "Vazzana, Antonio"]
[Black "Fiorentino, Vincenzo"]
[Result "1-0"]
[WhiteElo "1497"]
[BlackElo "1563"]
[PlyCount "143"]
[EventDate "2011.01.02"]
[EventType "swiss"]
[EventRounds "8"]
[EventCountry "ITA"]
[SourceTitle "EXT 2013"]
[Source "ChessBase"]
[SourceDate "2012.11.22"]
[SourceVersion "1"]
[SourceVersionDate "2012.11.22"]
[SourceQuality "1"]

1. c4 e5 2. Nc3 Nf6 3. Nf3 d6 4. d4 exd4 5. Nxd4 Be7 6. e4 c6 7. Be2 0-0 8. 0-0 Re8 9. Be3 a5 10. Qd2 Nbd7 11. Nf5 Nf8 12. Nxe7+ Qxe7 13. f3 h6 14. Rfd1 d5 15. cxd5 cxd5 16. Nxd5 Nxd5 17. Qxd5 Be6 18. Qd6 Qxd6 19. Rxd6 Rec8 20. Rd2 Nd7 21. f4 g6 22. f5 gxf5 23. exf5 Bxf5 24. Bxh6 Be6 25. Bf3 Rab8 26. Bf4 Nb6 27. Bxb8 Rxb8 28. b3 a4 29. Rad1 Kg7 30. bxa4 Ra8 31. Bxb7 Rxa4 32. Bc6 Ra6 33. Bb5 Ra5 34. a4 Nxa4 35. Bxa4 Rxa4 36. Rd4 Ra3 37. R1d2 Rc3 38. Kf2 Kg6 39. g3 Bh3 40. Rh4 Be6 41. Re2 Ra3 42. Re3 Ra2+ 43. Kf3 Bd5+ 44. Kf4 f6 45. Rc3 Ra4+ 46. Ke3 Rxh4 47. gxh4 f5 48. Kf4 Be4 49. Rc8 Kh5 50. Rh8+ Kg6 51. h5+ Kg7 52. Rc8 Kh6 53. Ke5 Kxh5 54. Rh8+ Kg6 55. Rh3 Kg7 56. Rg3+ Kh6 57. Kf6 Kh5 58. Rg8 f4 59. Ke5 Bh7 60. Rh8 Kh6 61. Kxf4 Kg7 62. Rb8 Kh6 63. h4 Bg6 64. Rb5 Kg7 65. Kg5 Be4 66. h5 Kh8 67. Re5 Bh7 68. Kf6 Bg8 69. Rg5 Bh7 70. Rg6 Bxg6 71. hxg6 Kg8 72. g7 1-0

[Event "St Eufemia d'Aspromonte op-B 4th"]
[Site "St Eufemia d'Aspromonte"]
[Date "2011.01.04"]
[Round "5"]
[White "Fiorentino, Vincenzo"]
[Black "Paragliola, Gennaro"]
[Result "1-0"]
[WhiteElo "1563"]
[BlackElo "1603"]
[PlyCount "61"]
[EventDate "2011.01.02"]
[EventType "swiss"]
[EventRounds "8"]
[EventCountry "ITA"]
[SourceTitle "EXT 2013"]
[Source "ChessBase"]
[SourceDate "2012.11.22"]
[SourceVersion "1"]
[SourceVersionDate "2012.11.22"]
[SourceQuality "1"]

1. d4 Nf6 2. Nf3 d5 3. c4 e6 4. e3 Be7 5. Be2 0-0 6. 0-0 Nbd7 7. a3 b6 8. b4 Bb7 9. c5 c6 10. Re1 b5 11. Nbd2 a5 12. Bb2 axb4 13. axb4 Rxa1 14. Qxa1 Qc7 15. Nb3 Ra8 16. Na5 Ne4 17. Bd3 Bd8 18. Bxe4 dxe4 19. Nd2 f5 20. Qa2 Kf7 21. Bc3 Nf6 22. f3 exf3 23. Nxf3 Ne4 24. Ne5+ Kf6 25. Qc2 Nxc3 26. Qxc3 Ke7 27. e4 f4 28. Qh3 h6 29. Qg4 g5 30. Qh5 Qc8 31. Qf7# 1-0

[Event "St Eufemia d'Aspromonte op-B 4th"]
[Site "St Eufemia d'Aspromonte"]
[Date "2011.01.03"]
[Round "2"]
[White "Fiorentino, Vincenzo"]
[Black "Attina, Rodolfo"]
[Result "1-0"]
[WhiteElo "1563"]
[BlackElo "1386"]
[PlyCount "101"]
[EventDate "2011.01.02"]
[EventType "swiss"]
[EventRounds "8"]
[EventCountry "ITA"]
[SourceTitle "EXT 2013"]
[Source "ChessBase"]
[SourceDate "2012.11.22"]
[SourceVersion "1"]
[SourceVersionDate "2012.11.22"]
[SourceQuality "1"]

1. d4 Nf6 2. c4 g6 3. Nf3 Bg7 4. Nc3 b6 5. e4 d6 6. Bd3 0-0 7. h3 Bb7 8. Be3 c5 9. d5 a6 10. Qc2 Nfd7 11. 0-0 Ne5 12. Nxe5 Bxe5 13. f4 Bg7 14. f5 Nd7 15. fxg6 fxg6 16. Rxf8+ Qxf8 17. Rf1 Bf6 18. g4 Qg7 19. Kh1 Rf8 20. Qd2 Bxc3 21. Rxf8+ Qxf8 22. bxc3 Ne5 23. Be2 Nf3 24. Qd1 Ne5 25. Qf1 Qg7 26. Qf4 Bc8 27. Qh6 Qf7 28. a4 a5 29. Qf4 Bd7 30. Qxf7+ Kxf7 31. Bd1 Nxc4 32. Bc1 Ne5 33. Bc2 e6 34. Kh2 exd5 35. exd5 c4 36. Kg3 b5 37. axb5 Bxb5 38. Ba3 Ke7 39. Kf4 Bd7 40. Kg5 Nf3+ 41. Kh6 Ng1 42. Kxh7 Nxh3 43. Bd1 Nf2 44. Be2 Nxg4 45. Bxc4 Ne5 46. Bb3 Bf5 47. Kh6 Bd3 48. Bc1 Nc4 49. Kg7 Ne5 50. Ba4 Bc4 51. Bg5# 1-0

[Event "St Eufemia d'Aspromonte op-B 4th"]
[Site "St Eufemia d'Aspromonte"]
[Date "2011.01.02"]
[Round "1"]
[White "Serratore, Vincenzo"]
[Black "Fiorentino, Vincenzo"]
[Result "1-0"]
[WhiteElo "1874"]
[BlackElo "1563"]
[PlyCount "141"]
[EventDate "2011.01.02"]
[EventType "swiss"]
[EventRounds "8"]
[EventCountry "ITA"]
[SourceTitle "EXT 2013"]
[Source "ChessBase"]
[SourceDate "2012.11.22"]
[SourceVersion "1"]
[SourceVersionDate "2012.11.22"]
[SourceQuality "1"]

1. d4 e6 2. Nf3 d5 3. e3 Nf6 4. Bd3 Bd6 5. Nbd2 Nbd7 6. Qe2 h6 7. c3 a5 8. e4 dxe4 9. Nxe4 Nxe4 10. Bxe4 Nf6 11. Bd3 b6 12. 0-0 Bb7 13. Bd2 Qe7 14. a3 a4 15. Rfe1 g5 16. Rac1 Nd7 17. Qd1 Qf6 18. Bb5 Bxf3 19. gxf3 g4 20. Bc6 Rg8 21. Kf1 gxf3 22. Qxf3 Qxf3 23. Bxf3 Ra5 24. d5 Ne5 25. Be4 exd5 26. Bb1 Kd8 27. Bxh6 Nf3 28. Red1 Nxh2+ 29. Ke2 Re8+ 30. Kd3 c5 31. Ba2 Nf3 32. Be3 c4+ 33. Ke2 Ne5 34. Bxb6+ Kd7 35. Bxa5 Nc6+ 36. Kf1 Nxa5 37. Rxd5 Nb3 38. Rcd1 Re6 39. Bxb3 axb3 40. f4 Kc6 41. f5 Rh6 42. Ke2 Bxa3 43. bxa3 b2 44. a4 b1Q 45. Rxb1 Kxd5 46. Rb5+ Ke4 47. Kf2 Kd3 48. a5 Ra6 49. Kf3 Kxc3 50. Ke3 Kc2 51. Kd4 c3 52. Kc4 Kd2 53. Rd5+ Kc2 54. Kb5 Ra8 55. Kc6 Rb8 56. a6 Rb2 57. a7 Ra2 58. Kb7 Rb2+ 59. Ka6 Kb1 60. a8Q Ra2+ 61. Ra5 Rxa5+ 62. Kxa5 c2 63. Qe4 Kb2 64. Qd4+ Kb1 65. Qd3 Kb2 66. Qd2 Kb1 67. Qb4+ Ka1 68. Qc3+ Kb1 69. Qb3+ Kc1 70. Qxf7 Kd1 71. Qb3 1-0

[Event "Praia op 2nd"]
[Site "Praia a Mare"]
[Date "2010.04.02"]
[Round "4"]
[White "Minucci, Veronica"]
[Black "Fiorentino, Vincenzo"]
[Result "0-1"]
[WhiteElo "1374"]
[BlackElo "1575"]
[PlyCount "56"]
[EventDate "2010.03.31"]
[EventType "swiss"]
[EventRounds "5"]
[EventCountry "ITA"]
[SourceTitle "EXT 2023"]
[Source "ChessBase"]
[SourceDate "2022.10.05"]
[SourceVersion "1"]
[SourceVersionDate "2022.10.05"]
[SourceQuality "1"]

1. e4 c5 2. Nc3 d6 3. Nf3 Nc6 4. Bb5 e6 5. d4 cxd4 6. Nxd4 Nge7 7. 0-0 a6 8. Nxc6 Nxc6 9. Bxc6+ bxc6 10. f4 Be7 11. Qf3 Qc7 12. f5 e5 13. Qg3 Rg8 14. Bg5 Bxg5 15. Qxg5 Qb6+ 16. Kh1 Qxb2 17. Qd2 Qb8 18. Rab1 Qc7 19. f6 gxf6 20. Rxf6 Be6 21. Qh6 Kd7 22. Qxh7 Raf8 23. Rbf1 Kc8 24. Ne2 Rh8 25. Qg7 Rfg8 26. Rxf7 Rxg7 27. Rxc7+ Rxc7 28. Rd1 Rch7 0-1

[Event "Costa Viola op 3rd"]
[Site "St Eufemia d'Aspromonte"]
[Date "2010.01.04"]
[Round "4"]
[White "Rizzuti, Pasquale"]
[Black "Fiorentino, Vincenzo"]
[Result "0-1"]
[WhiteElo "1821"]
[BlackElo "1509"]
[PlyCount "78"]
[EventDate "2010.01.02"]
[EventType "swiss"]
[EventRounds "7"]
[EventCountry "ITA"]
[SourceTitle "EXT 2011"]
[Source "ChessBase"]
[SourceDate "2010.11.26"]
[SourceVersion "1"]
[SourceVersionDate "2010.11.26"]
[SourceQuality "1"]

1. b3 d5 2. Bb2 Nc6 3. f4 Bf5 4. Nf3 e6 5. e3 a6 6. Be2 Nf6 7. 0-0 Bd6 8. Nc3 Qe7 9. a3 0-0 10. Nh4 Bg6 11. Nxg6 fxg6 12. Bf3 Rf7 13. g4 Nd7 14. Nxd5 Qh4 15. Nxc7 Bxc7 16. Qe2 Raf8 17. d4 Kh8 18. g5 Bxf4 19. exf4 Rxf4 20. Bxc6 bxc6 21. Rxf4 Rxf4 22. Rf1 Qxg5+ 23. Kh1 Qd5+ 24. Kg1 Qg5+ 25. Qg2 Rg4 26. Qxg4 Qxg4+ 27. Kh1 Nf6 28. d5 cxd5 29. a4 Qe4+ 30. Kg1 Qxc2 31. Be5 h5 32. h4 Qxb3 33. a5 Qe3+ 34. Kg2 Qxe5 35. Kh3 Ng4 36. Rf8+ Kh7 37. Kg2 d4 38. Kf3 d3 39. Rd8 Qe2+ 0-1

[Event "Costa Viola op 3rd"]
[Site "St Eufemia d'Aspromonte"]
[Date "2010.01.03"]
[Round "3"]
[White "Fiorentino, Vincenzo"]
[Black "Paragliola, Gennaro"]
[Result "1-0"]
[WhiteElo "1509"]
[BlackElo "1605"]
[PlyCount "65"]
[EventDate "2010.01.02"]
[EventType "swiss"]
[EventRounds "7"]
[EventCountry "ITA"]
[SourceTitle "EXT 2011"]
[Source "ChessBase"]
[SourceDate "2010.11.26"]
[SourceVersion "1"]
[SourceVersionDate "2010.11.26"]
[SourceQuality "1"]

1. d4 Nf6 2. c4 d6 3. Nc3 g6 4. e4 Bg7 5. Nf3 0-0 6. Be3 Nbd7 7. Be2 e5 8. d5 Nc5 9. Qc2 a5 10. 0-0 Nfd7 11. a3 f5 12. exf5 gxf5 13. Bg5 Nf6 14. b4 axb4 15. axb4 Rxa1 16. Rxa1 Ncd7 17. Ra8 Nb6 18. Ra1 Bd7 19. c5 Nc8 20. Bc4 Kh8 21. Ra8 Qe8 22. Rb8 Qg6 23. Rxb7 e4 24. Bxf6 exf3 25. Bxg7+ Qxg7 26. g3 Qg4 27. Nd1 Re8 28. Qc3+ Kg8 29. Ne3 Qg5 30. c6 Rxe3 31. Qxe3 Qg4 32. cxd7 Qh3 33. dxc8Q+ 1-0

[Event "Costa Viola op 3rd"]
[Site "St Eufemia d'Aspromonte"]
[Date "2010.01.02"]
[Round "1"]
[White "Carbone, Stefano"]
[Black "Fiorentino, Vincenzo"]
[Result "1-0"]
[WhiteElo "1788"]
[BlackElo "1509"]
[PlyCount "45"]
[EventDate "2010.01.02"]
[EventType "swiss"]
[EventRounds "7"]
[EventCountry "ITA"]
[SourceTitle "EXT 2011"]
[Source "ChessBase"]
[SourceDate "2010.11.26"]
[SourceVersion "1"]
[SourceVersionDate "2010.11.26"]
[SourceQuality "1"]

1. e4 c6 2. d4 d5 3. f3 dxe4 4. fxe4 c5 5. d5 e6 6. Nf3 Nf6 7. Nc3 Be7 8. Bc4 exd5 9. exd5 0-0 10. 0-0 Nbd7 11. d6 Nb6 12. dxe7 Qxe7 13. Re1 Qc7 14. Bf1 Bg4 15. Bg5 Rad8 16. Qe2 Rfe8 17. Qf2 Nbd7 18. Bb5 a6 19. Bxf6 gxf6 20. Nd5 Qd6 21. Bxd7 Rxe1+ 22. Rxe1 Rxd7 23. c4 1-0

[Event "IECC CL2-2006.05 email"]
[Site "IECC email"]
[Date "2006.05.20"]
[Round "?"]
[White "Porkolab, Sandor"]
[Black "Fiorentino, Vincenzo"]
[Result "1/2-1/2"]
[WhiteElo "2074"]
[BlackElo "2064"]
[PlyCount "44"]
[EventDate "2006.??.??"]
[EventType "tourn (corr)"]
[EventRounds "4"]
[SourceTitle "Corr 2015"]
[Source "ChessBase"]
[SourceDate "2015.07.17"]
[SourceVersion "1"]
[SourceVersionDate "2015.07.17"]
[SourceQuality "1"]
[WhiteTeam "Hungary"]
[BlackTeam "Italy"]
[WhiteTeamCountry "HUN"]
[BlackTeamCountry "ITA"]

1. d4 f5 2. c4 Nf6 3. Nc3 d6 4. Nf3 g6 5. g3 Bg7 6. Bg2 0-0 7. 0-0 Qe8 8. d5 Na6 9. Rb1 Nc5 10. Nd4 a5 11. Ncb5 Qd8 12. Bf4 Nfe4 13. Nc3 Nxc3 14. bxc3 Bd7 15. Qd2 Qe8 16. Bh6 Qf7 17. Bxg7 Qxg7 18. Nb3 Na4 19. Rbc1 b6 20. Nd4 Nc5 21. f4 Rae8 22. Nb5 Bxb5 1/2-1/2

[Event "IECC TH-M-2627"]
[Site "IECC email"]
[Date "2006.05.16"]
[Round "?"]
[White "Fiorentino, Vincenzo"]
[Black "Delaire, Eric"]
[Result "1-0"]
[WhiteElo "2065"]
[BlackElo "1981"]
[PlyCount "59"]
[EventDate "2006.??.??"]
[EventType "match (corr)"]
[EventRounds "2"]
[SourceTitle "Corr 2020"]
[Source "ChessBase"]
[SourceDate "2019.09.30"]
[SourceVersion "1"]
[SourceVersionDate "2019.09.30"]
[SourceQuality "1"]
[WhiteTeam "Italy"]
[BlackTeam "France"]
[WhiteTeamCountry "ITA"]
[BlackTeamCountry "FRA"]

1. e4 e6 2. d4 d5 3. Nc3 Bb4 4. e5 c5 5. a3 Bxc3+ 6. bxc3 Ne7 7. Qg4 0-0 8. Bd3 Nbc6 9. Qh5 Ng6 10. Nf3 Qc7 11. Be3 c4 12. Bxg6 fxg6 13. Qg4 Qf7 14. Ng5 Qe8 15. h4 Bd7 16. Nh3 b5 17. Nf4 Qf7 18. h5 Qf5 19. Qe2 g5 20. g4 Qf7 21. Nh3 h6 22. f4 gxf4 23. Nxf4 a5 24. 0-0 Qe7 25. Ng6 Rxf1+ 26. Rxf1 Qe8 27. Bxh6 gxh6 28. Qd2 Kg7 29. Rf6 b4 30. Qf4 1-0

[Event "IECC TH-M email"]
[Site "IECC email"]
[Date "2003.05.17"]
[Round "?"]
[White "Cehajic, Mustafa"]
[Black "Fiorentino, Vincenzo"]
[Result "1-0"]
[WhiteElo "2117"]
[BlackElo "2039"]
[PlyCount "31"]
[EventDate "2003.??.??"]
[EventType "match (corr)"]
[EventRounds "2"]
[SourceTitle "Corr 2008"]
[Source "ChessBase"]
[SourceDate "2008.06.24"]
[SourceVersion "1"]
[SourceVersionDate "2008.06.24"]
[SourceQuality "1"]

1. e4 e5 2. f4 exf4 3. Nf3 Nc6 4. d4 d5 5. exd5 Qxd5 6. Bxf4 Bg4 7. c3 Bxf3 8. Qxf3 Qxf3 9. gxf3 Bd6 10. Bxd6 cxd6 11. Kf2 Nf6 12. Na3 0-0 13. Re1 Rfe8 14. Bh3 Rad8 15. Rxe8+ Rxe8 16. Nb5 1-0

[Event "SEMI A029 email"]
[Site "SEMI email"]
[Date "2002.02.10"]
[Round "?"]
[White "Castillo, German"]
[Black "Fiorentino, Vincenzo"]
[Result "1-0"]
[WhiteElo "2050"]
[BlackElo "2052"]
[PlyCount "31"]
[EventDate "2002.02.10"]
[EventType "tourn (corr)"]
[EventRounds "6"]
[EventCountry "ITA"]
[SourceTitle "Corr 2008"]
[Source "ChessBase"]
[SourceDate "2008.06.24"]
[SourceVersion "1"]
[SourceVersionDate "2008.06.24"]
[SourceQuality "1"]

1. d4 f5 2. g3 Nf6 3. Bg2 g6 4. c4 Bg7 5. Nc3 0-0 6. Nf3 d6 7. 0-0 Qe8 8. d5 Na6 9. Rb1 c6 10. Be3 h6 11. h3 Nc7 12. dxc6 bxc6 13. Nd4 Bd7 14. Qd2 Kh7 15. b4 f4 16. gxf4 1-0